000 00342pab a2200145 454500
008 180718b2004 xxu||||| |||| 00| 0 eng d
100 _aSurendra Mohan
245 _aGlobalisation, market and human dignity
260 _c2004
300 _ap.13-15.
362 _a17 Jan
650 _aGlobalization
773 _aMainstream
909 _a59245
999 _c59245
_d59245